Carbon queen : (Record no. 171693)

MARC details
000 -LEADER
fixed length control field 01039cam a2200301 i 4500
001 - CONTROL NUMBER
control field 1255596892
003 - CONTROL NUMBER IDENTIFIER
control field OSt
005 - DATE AND TIME OF LATEST TRANSACTION
control field 20250826110949.0
008 - FIXED-LENGTH DATA ELEMENTS--GENERAL INFORMATION
fixed length control field 210330t20222022mauaf b 001 0beng
020 ## - INTERNATIONAL STANDARD BOOK NUMBER
International Standard Book Number 9780262046435 (Hardcover)
024 ## - OTHER STANDARD IDENTIFIER
Terms of availability USD 17.00
040 ## - CATALOGING SOURCE
Original cataloging agency DLC
Language of cataloging eng
Description conventions rda
Transcribing agency NUST
Modifying agency NUST
050 00 - LIBRARY OF CONGRESS CALL NUMBER
Classification number TA455.C3 WEI
100 1# - MAIN ENTRY--PERSONAL NAME
Personal name Weinstock, Maia
Relator term Author
245 10 - TITLE STATEMENT
Title Carbon queen :
Remainder of title the remarkable life of nanoscience pioneer Mildred Dresselhaus /
Statement of responsibility, etc. Maia Weinstock.
260 ## - PUBLICATION, DISTRIBUTION, ETC.
Place of publication, distribution, etc. Cambridge, Massachusetts :
Name of publisher, distributor, etc. The MIT Press,
Date of publication, distribution, etc. ©2022.
300 ## - PHYSICAL DESCRIPTION
Extent 306 pages :
Other physical details Illustrations ;
Dimensions 22 cm.
336 ## - CONTENT TYPE
Content type term text
Content type code txt
Source rdacontent
337 ## - MEDIA TYPE
Media type term unmediated
Media type code n
Source rdamedia
338 ## - CARRIER TYPE
Carrier type term volume
Carrier type code nc
Source rdacarrier
504 ## - BIBLIOGRAPHY, ETC. NOTE
Bibliography, etc. note Includes bibliographical references and index.
650 #0 - SUBJECT ADDED ENTRY--TOPICAL TERM
Topical term or geographic name entry element Carbon.
650 #0 - SUBJECT ADDED ENTRY--TOPICAL TERM
Topical term or geographic name entry element Nanotubes.
650 #0 - SUBJECT ADDED ENTRY--TOPICAL TERM
Topical term or geographic name entry element Nanoscience.
650 #0 - SUBJECT ADDED ENTRY--TOPICAL TERM
Topical term or geographic name entry element Physicists
General subdivision United States
Chronological subdivision Biography
650 #0 - SUBJECT ADDED ENTRY--TOPICAL TERM
Topical term or geographic name entry element Women physicists
General subdivision United States
Chronological subdivision Biography.
942 ## - ADDED ENTRY ELEMENTS (KOHA)
Source of classification or shelving scheme Library of Congress Classification
Koha item type Ordinary Loan Books
Classification part TA455.C3 WEI
Call number prefix TA
Call number suffix WEI
Suppress in OPAC No
Holdings
Withdrawn status Lost status Source of classification or shelving scheme Damaged status Not for loan Collection Home library Current library Shelving location Date acquired Source of acquisition Cost, normal purchase price Total Checkouts Full call number Barcode Date last seen Accession number Cost, replacement price Price effective from Koha item type Public note
    LCC     NFIC MAIN MAIN GEN 04/28/2025 Book Aid International 18.00   TA455.C3 WEI 92004055699 04/28/2025 61692 18.00 04/28/2025 BOOKS Donation
    LCC     NFIC MAIN MAIN GEN 07/28/2025 Book Aid International 17.00   TA455.C3 WEI 92004054286 07/28/2025 61793 17.00 07/28/2025 BOOKS Donation